[Event "SB-2013-0-00308"]
[Site "LSS email"]
[Date "2013.05.25"]
[Round "?"]
[White "Santos, Sebastiao"]
[Black "Hammerschmidt, Volker"]
[Result "1-0"]
[WhiteElo "1999"]
[BlackElo "2006"]
[PlyCount "127"]
[EventDate "2013.05.06"]
[EventType "tourn (corr)"]
[EventRounds "6"]
[EventCountry "GER"]
[SourceTitle "Corr 2022"]
[Source "ChessBase"]
[SourceDate "2021.10.24"]
[SourceVersion "1"]
[SourceVersionDate "2021.10.24"]
[SourceQuality "1"]

1. e4 c5 2. Nf3 g6 3. d4 cxd4 4. Nxd4 Nc6 5. Nc3 Bg7 6. Be3 d6 7. Be2 Nf6 8. h4 h5 9. f3 0-0 10. Qd2 d5 11. Nxc6 bxc6 12. e5 Ne8 13. f4 f6 14. Bd4 Nc7 15. 0-0-0 Ne6 16. exf6 exf6 17. Bf2 f5 18. Na4 Re8 19. Rhe1 Rb8 20. g3 Kh7 21. Bf1 Bd7 22. b3 Qe7 23. c3 Qd6 24. Qc2 Qc7 25. Bg2 Qa5 26. b4 Qc7 27. Nc5 Nxc5 28. Bxc5 a5 29. a3 axb4 30. cxb4 Be6 31. Qd3 Ra8 32. Re3 Qd7 33. Bf3 Bg8 34. Rde1 Rxe3 35. Rxe3 Bf6 36. Bd4 Rxa3 37. Qxa3 Bxd4 38. Re2 Qb7 39. Kd1 Bg7 40. Ke1 d4 41. Rc2 Bf8 42. Kf2 Bxb4 43. Bxc6 Qe7 44. Qd3 Bc3 45. Kg2 Bb3 46. Re2 Qc7 47. Bb5 Bd5+ 48. Kh2 Be4 49. Qc4 Qxc4 50. Bxc4 Kh8 51. Ra2 Kg7 52. Ra7+ Kf8 53. Bf7 d3 54. Bxg6 Bf3 55. Rf7+ Ke8 56. Rc7+ Kf8 57. Rxc3 d2 58. Rd3 d1Q 59. Rxd1 Bxd1 60. Bxf5 Ke7 61. Be4 Kf6 62. Kg2 Ba4 63. Bf3 Be8 64. Bd5 1-0

[Event "SB-2013-0-00305"]
[Site "LSS email"]
[Date "2013.05.14"]
[Round "?"]
[White "Huerga, Aser"]
[Black "Santos, Sebastiao"]
[Result "1-0"]
[WhiteElo "2181"]
[BlackElo "1826"]
[PlyCount "99"]
[EventDate "2013.04.16"]
[EventType "tourn (corr)"]
[EventRounds "6"]
[EventCountry "GER"]
[SourceTitle "Telechess CBM 167"]
[Source "ChessBase"]
[SourceDate "2015.07.13"]
[SourceVersion "1"]
[SourceVersionDate "2015.07.13"]
[SourceQuality "1"]

1. e4 c5 2. Nf3 d6 3. d4 cxd4 4. Nxd4 Nf6 5. Nc3 a6 6. f3 e5 7. Nb3 Be6 8. Be3 Be7 9. Qd2 0-0 10. 0-0-0 Nbd7 11. a3 b5 12. g4 Nb6 13. Na5 Rc8 14. g5 Nh5 15. Kb1 g6 16. h4 Ng3 17. Rh2 Na4 18. Nxa4 Nxf1 19. Rxf1 bxa4 20. Rd1 Qe8 21. h5 Qb5 22. Qe1 Kg7 23. f4 Rb8 24. c4 Bxc4 25. Nxc4 Qxc4 26. Qh1 h6 27. hxg6 fxg6 28. Rc2 Qe6 29. Qxh6+ Kf7 30. Qh7+ Ke8 31. f5 gxf5 32. g6 f4 33. Ba7 Rd8 34. Bb6 Rb8 35. Rc6 f3 36. g7 Rg8 37. Rd3 Qf7 38. Rxf3 Qxg7 39. Qf5 Rd8 40. Bxd8 Qg6 41. Qxg6+ Rxg6 42. Bxe7 Kxe7 43. Rxa6 Rg4 44. Rxa4 Rh4 45. Ra7+ Ke6 46. Re3 Rh1+ 47. Ka2 Rh8 48. Rg3 Kf6 49. Rag7 Rh6 50. a4 1-0

[Event "SB-2013-0-00303"]
[Site "LSS email"]
[Date "2013.04.28"]
[Round "?"]
[White "Santos, Sebastiao"]
[Black "O'Toole, Roger"]
[Result "1/2-1/2"]
[WhiteElo "1826"]
[BlackElo "2135"]
[PlyCount "137"]
[EventDate "2013.04.03"]
[EventType "tourn (corr)"]
[EventRounds "6"]
[EventCountry "GER"]
[SourceTitle "Telechess CBM 167"]
[Source "ChessBase"]
[SourceDate "2015.07.13"]
[SourceVersion "1"]
[SourceVersionDate "2015.07.13"]
[SourceQuality "1"]

1. e4 c5 2. Nf3 d6 3. d4 cxd4 4. Nxd4 Nf6 5. Nc3 a6 6. Be3 e5 7. Nf3 Qc7 8. Be2 Nbd7 9. 0-0 Be7 10. Nh4 g6 11. Bh6 b5 12. a3 Bb7 13. Bd3 Bf8 14. Qd2 Bxh6 15. Qxh6 Ng4 16. Qg5 Ngf6 17. Rad1 h6 18. Qg3 Kf8 19. Rd2 Rg8 20. h3 Qb6 21. Rfd1 Rc8 22. Re1 b4 23. axb4 Qxb4 24. Qe3 Kg7 25. Nd1 a5 26. c3 Qb6 27. Qg3 Kh7 28. Qf3 d5 29. exd5 Bxd5 30. Qe3 e4 31. Qxb6 Nxb6 32. Ba6 Rcd8 33. Ne3 Be6 34. Red1 Rxd2 35. Rxd2 Rb8 36. c4 Na8 37. Bb5 Nc7 38. Bc6 Kg7 39. f3 Rb3 40. Re2 Nh5 41. Re1 Nf4 42. fxe4 Nd3 43. Rb1 Rb6 44. Bd5 a4 45. Ra1 Nxb2 46. c5 Rb5 47. c6 Nxd5 48. Nxd5 Bxd5 49. exd5 Rxd5 50. Ra2 Nd3 51. Rxa4 Rc5 52. Rd4 Ne5 53. Nf3 Nxc6 54. Rd7 Rc2 55. Kh2 Kf6 56. h4 Rc4 57. Kh3 Ke6 58. Rb7 Rb4 59. Rc7 Ne7 60. Ra7 Nf5 61. Ra6+ Nd6 62. g4 Rf4 63. Kg3 Re4 64. Kh3 f6 65. Ra7 Rf4 66. Kg3 g5 67. hxg5 hxg5 68. Ra6 Rc4 69. Nd2 1/2-1/2

[Event "SB-2013-0-00300"]
[Site "LSS email"]
[Date "2013.04.11"]
[Round "?"]
[White "Schulz, Hans Juergen"]
[Black "Santos, Sebastiao"]
[Result "1/2-1/2"]
[WhiteElo "1682"]
[BlackElo "1825"]
[PlyCount "122"]
[EventDate "2013.03.18"]
[EventType "tourn (corr)"]
[EventRounds "6"]
[EventCountry "GER"]
[SourceTitle "Telechess CBM 163"]
[Source "ChessBase"]
[SourceDate "2014.11.11"]
[SourceVersion "2"]
[SourceVersionDate "2014.11.11"]
[SourceQuality "1"]

1. e4 e5 2. Nf3 Nc6 3. Bb5 Nf6 4. 0-0 Bc5 5. c3 0-0 6. d4 Bb6 7. Bg5 h6 8. Bh4 exd4 9. Qc1 g5 10. Nxg5 Nxe4 11. Nf3 Qe8 12. Qxh6 Qe6 13. Qc1 d5 14. Re1 Bd7 15. Bxc6 Bxc6 16. cxd4 Qf5 17. Nc3 f6 18. Re3 a5 19. Qc2 Nd6 20. Qd1 Nc4 21. Re2 Rae8 22. b3 Nd6 23. Re3 Rxe3 24. fxe3 Re8 25. Bf2 Ne4 26. Nxe4 Qxe4 27. Nd2 Qd3 28. Qg4+ Kf7 29. Nf1 Qg6 30. Qf3 Qe4 31. Ng3 Qxf3 32. gxf3 a4 33. h4 axb3 34. axb3 Bd7 35. h5 Kg7 36. e4 c6 37. Ra4 Bc7 38. Ra7 Bc8 39. exd5 cxd5 40. Nf1 Rg8 41. Ne3 Bb6 42. Ra4 Kh6+ 43. Kf1 Bd7 44. Ng4+ Bxg4 45. fxg4 Rxg4 46. Rb4 Bc7 47. Rxb7 Bg3 48. Bg1 Kxh5 49. Rd7 Re4 50. Kg2 Re1 51. Kxg3 Rxg1+ 52. Kf3 Rf1+ 53. Ke2 Rb1 54. Rxd5+ Kg4 55. Rd7 Rb2+ 56. Kd3 Rxb3+ 57. Kc2 Rb5 58. d5 Kf5 59. Kc3 Ke5 60. Kc4 Ra5 61. Re7+ Kd6 1/2-1/2

[Event "SB-2013-0-00296"]
[Site "LSS email"]
[Date "2013.03.19"]
[Round "?"]
[White "Santos, Sebastiao"]
[Black "Herzog, Klaus"]
[Result "1-0"]
[WhiteElo "1844"]
[BlackElo "1784"]
[PlyCount "71"]
[EventDate "2013.02.23"]
[EventType "tourn (corr)"]
[EventRounds "6"]
[EventCountry "GER"]
[SourceTitle "Telechess CBM 163"]
[Source "ChessBase"]
[SourceDate "2014.11.11"]
[SourceVersion "2"]
[SourceVersionDate "2014.11.11"]
[SourceQuality "1"]

1. e4 e5 2. Nf3 Nc6 3. Bb5 a6 4. Bxc6 dxc6 5. 0-0 Qf6 6. d4 exd4 7. Bg5 Qd6 8. e5 Qg6 9. Qxd4 Be7 10. Bxe7 Nxe7 11. Nc3 0-0 12. Qb4 Nd5 13. Nxd5 cxd5 14. Rad1 c6 15. Rd3 Bf5 16. Nh4 Qg4 17. Qxg4 Bxg4 18. Rb3 Rae8 19. Rxb7 g5 20. Nf3 Rb8 21. Rb3 Bxf3 22. gxf3 Kg7 23. Re1 Kg6 24. e6 Rxb3 25. axb3 Re8 26. Ra1 Rxe6 27. Rxa6 h5 28. Kf1 Kf5 29. Ra7 f6 30. Ra6 h4 31. b4 h3 32. b3 Ke5 33. c4 f5 34. b5 cxb5 35. Rxe6+ Kxe6 36. cxb5 1-0

[Event "OP-2013-0-02688"]
[Site "LSS email"]
[Date "2013.03.16"]
[Round "?"]
[White "Molina, Vicente Andres"]
[Black "Santos, Sebastiao"]
[Result "0-1"]
[WhiteElo "773"]
[BlackElo "1868"]
[PlyCount "52"]
[EventDate "2013.03.10"]
[EventType "tourn (corr)"]
[EventRounds "4"]
[EventCountry "GER"]
[SourceTitle "Telechess CBM 159"]
[Source "ChessBase"]
[SourceDate "2014.03.17"]
[SourceVersion "1"]
[SourceVersionDate "2014.03.17"]
[SourceQuality "1"]

1. c4 e5 2. Nc3 Nf6 3. g3 Bc5 4. e3 d5 5. cxd5 Nxd5 6. d4 exd4 7. exd4 Bb4 8. Bd2 0-0 9. Bg2 Re8+ 10. Nge2 Bg4 11. 0-0 Bxc3 12. bxc3 Bxe2 13. Qb3 c6 14. Rfe1 b5 15. a4 Bc4 16. Qb1 Rxe1+ 17. Qxe1 Nd7 18. axb5 cxb5 19. Ra6 N7b6 20. Qe5 b4 21. cxb4 Bxa6 22. h4 Qd7 23. Kh2 Re8 24. Qh5 Nf6 25. Qc5 Re2 26. Be3 Ng4+ 0-1

[Event "OP-2013-0-02688"]
[Site "LSS email"]
[Date "2013.03.16"]
[Round "?"]
[White "Santos, Sebastiao"]
[Black "Huseby, Juan Carlos"]
[Result "1-0"]
[WhiteElo "1868"]
[BlackElo "535"]
[PlyCount "53"]
[EventDate "2013.03.10"]
[EventType "tourn (corr)"]
[EventRounds "4"]
[EventCountry "GER"]
[SourceTitle "Telechess CBM 159"]
[Source "ChessBase"]
[SourceDate "2014.03.17"]
[SourceVersion "1"]
[SourceVersionDate "2014.03.17"]
[SourceQuality "1"]

1. e4 e5 2. Nf3 Nf6 3. Nxe5 Nxe4 4. Qe2 d5 5. d3 Bb4+ 6. c3 Bd6 7. Nf3 Bg4 8. dxe4 Bxf3 9. Qxf3 Qe7 10. Nd2 dxe4 11. Nxe4 Nc6 12. Be3 Ne5 13. Nxd6+ cxd6 14. Bb5+ Kf8 15. Qf4 Ng6 16. Qb4 a5 17. Qd4 a4 18. 0-0-0 Rd8 19. Rhe1 Qh4 20. Qb6 a3 21. Rxd6 axb2+ 22. Kxb2 Rc8 23. Qc5 Rxc5 24. Bxc5 Kg8 25. Re8+ Nf8 26. Rxf8+ Kxf8 27. Rd8# 1-0

[Event "IECC M1-2013.T001"]
[Site "IECC email"]
[Date "2013.01.06"]
[Round "?"]
[White "Santos, Sebastiao"]
[Black "Bertel, Michael"]
[Result "1-0"]
[WhiteElo "1918"]
[BlackElo "1801"]
[PlyCount "65"]
[EventDate "2013.??.??"]
[EventType "match (corr)"]
[EventRounds "2"]
[SourceTitle "Telechess CBM 165"]
[Source "ChessBase"]
[SourceDate "2015.03.11"]
[SourceVersion "1"]
[SourceVersionDate "2015.03.11"]
[SourceQuality "1"]
[WhiteTeam "Spain"]
[BlackTeam "US of America"]
[WhiteTeamCountry "ESP"]
[BlackTeamCountry "USA"]

1. e4 e5 2. Nf3 Nc6 3. Bb5 a6 4. Bxc6 dxc6 5. 0-0 Bg4 6. h3 Be6 7. Qe2 f6 8. d4 exd4 9. Rd1 c5 10. c3 d3 11. Rxd3 Bd6 12. b3 c4 13. Rd1 cxb3 14. c4 bxa2 15. c5 axb1Q 16. Rxb1 Bc4 17. Qxc4 Bh2+ 18. Kxh2 Qxd1 19. Nd4 Ne7 20. Rxb7 Rc8 21. Bf4 Qh5 22. Ne6 Qd1 23. Nxg7+ Kf8 24. Ne6+ Ke8 25. Bd6 Qc2 26. Rxc7 Rxc7 27. Nxc7+ Kf8 28. Qe6 Kg7 29. Qxe7+ Kg6 30. Ne8 Rxe8 31. Qxe8+ Kh6 32. Qf8+ Kg6 33. Qg8+ 1-0

[Event "RB-2012-0-00178"]
[Site "LSS email"]
[Date "2012.05.21"]
[Round "?"]
[White "Santos, Sebastiao"]
[Black "Schulz, Hans Juergen"]
[Result "0-1"]
[WhiteElo "1794"]
[BlackElo "1875"]
[PlyCount "59"]
[EventDate "2012.04.08"]
[EventType "tourn (corr)"]
[EventRounds "6"]
[EventCountry "GER"]
[SourceTitle "Telechess CBM 165"]
[Source "ChessBase"]
[SourceDate "2015.03.11"]
[SourceVersion "1"]
[SourceVersionDate "2015.03.11"]
[SourceQuality "1"]

1. e4 e5 2. Nf3 Nc6 3. Bb5 a6 4. Bxc6 dxc6 5. 0-0 f6 6. d4 Bg4 7. c3 Bd6 8. Be3 Qe7 9. Nbd2 0-0-0 10. h3 Bh5 11. Qc2 Kb8 12. b4 exd4 13. Nxd4 Qe5 14. f4 Qe8 15. a4 Bf7 16. b5 a5 17. bxc6 b6 18. N2b3 Bxb3 19. Nxb3 Qxc6 20. Rfb1 Kc8 21. e5 Be7 22. Nd4 Qc4 23. Qe4 fxe5 24. fxe5 Qd5 25. Qg4+ Kb7 26. Rb5 h5 27. Qf4 g5 28. Qf2 Qe4 29. Re1 Kc8 30. Ne6 0-1

[Event "RB-2012-0-00178"]
[Site "LSS email"]
[Date "2012.05.21"]
[Round "?"]
[White "Santos, Sebastiao"]
[Black "Van Hooff, Ruud"]
[Result "0-1"]
[WhiteElo "1794"]
[BlackElo "2102"]
[PlyCount "60"]
[EventDate "2012.04.08"]
[EventType "tourn (corr)"]
[EventRounds "6"]
[EventCountry "GER"]
[SourceTitle "Telechess CBM 165"]
[Source "ChessBase"]
[SourceDate "2015.03.11"]
[SourceVersion "1"]
[SourceVersionDate "2015.03.11"]
[SourceQuality "1"]

1. e4 c6 2. d4 d5 3. e5 Bf5 4. Nf3 e6 5. Be2 c5 6. Be3 cxd4 7. Nxd4 Ne7 8. c4 Nbc6 9. Qa4 a6 10. Na3 Qa5+ 11. Qxa5 Nxa5 12. 0-0 dxc4 13. Nxc4 Nxc4 14. Bxc4 Be4 15. Rac1 Bd5 16. Be2 Rc8 17. Rxc8+ Nxc8 18. Rc1 Kd7 19. Rd1 Ne7 20. f4 Kc7 21. a3 Nc6 22. Rc1 Kd7 23. Nxc6 Bxc6 24. Rd1+ Kc7 25. b4 Be7 26. Kf2 b5 27. Rc1 Kb7 28. Bd4 h5 29. Bc5 Bxc5+ 30. Rxc5 h4 0-1

[Event "RB-2012-0-00178"]
[Site "LSS email"]
[Date "2012.05.20"]
[Round "?"]
[White "Kroes, Friso"]
[Black "Santos, Sebastiao"]
[Result "1-0"]
[WhiteElo "1675"]
[BlackElo "1794"]
[PlyCount "101"]
[EventDate "2012.04.08"]
[EventType "tourn (corr)"]
[EventRounds "6"]
[EventCountry "GER"]
[SourceTitle "Telechess CBM 165"]
[Source "ChessBase"]
[SourceDate "2015.03.11"]
[SourceVersion "1"]
[SourceVersionDate "2015.03.11"]
[SourceQuality "1"]

1. e4 e5 2. Nf3 Nc6 3. Bc4 Bc5 4. c3 Nf6 5. d4 exd4 6. cxd4 Bb4+ 7. Bd2 Nxe4 8. Bxb4 Nxb4 9. Bxf7+ Kxf7 10. Qb3+ d5 11. Qxb4 Rf8 12. Nc3 Kg8 13. Nxe4 dxe4 14. Qc4+ Kh8 15. Ne5 Qd6 16. 0-0 Be6 17. Qc3 Rad8 18. Rad1 Rf5 19. Qc2 Bd5 20. a3 Rdf8 21. b4 b6 22. Qc3 c5 23. bxc5 bxc5 24. Ng4 Bb7 25. Ne3 Rh5 26. h3 Ba6 27. dxc5 Qxc5 28. Qxc5 Rxc5 29. Rc1 Ra5 30. Rfd1 Bd3 31. Rc7 Kg8 32. Rdc1 Rf7 33. Rc8+ Rf8 34. R8c3 g6 35. Ng4 h5 36. Ne3 a6 37. h4 Kg7 38. Rb3 Rb5 39. Rc7+ Rf7 40. Rcc3 Kh6 41. a4 Rxb3 42. Rxb3 Rd7 43. Kh2 Rd4 44. Rb7 Be2 45. Rb6 Kg7 46. Rb2 Bd3 47. Rb7+ Kf6 48. g4 Ke6 49. g5 Rd6 50. Rg7 Ke5 51. Kg3 1-0

[Event "RB-2012-0-00176"]
[Site "LSS email"]
[Date "2012.04.29"]
[Round "?"]
[White "Santos, Sebastiao"]
[Black "Bartsch, Christian"]
[Result "1/2-1/2"]
[WhiteElo "1793"]
[BlackElo "1888"]
[PlyCount "59"]
[EventDate "2012.03.20"]
[EventType "tourn (corr)"]
[EventRounds "6"]
[EventCountry "GER"]
[SourceTitle "Telechess CBM 155"]
[Source "ChessBase"]
[SourceDate "2013.07.16"]
[SourceVersion "1"]
[SourceVersionDate "2013.07.16"]
[SourceQuality "1"]

1. e4 e5 2. Nf3 Nc6 3. Bb5 a6 4. Bxc6 dxc6 5. 0-0 Bg4 6. h3 h5 7. d3 Qf6 8. Nbd2 Ne7 9. Re1 Ng6 10. d4 Nf4 11. dxe5 Qg6 12. Nh4 Bxd1 13. Nxg6 Nxg6 14. Rxd1 0-0-0 15. e6 fxe6 16. Re1 Ne5 17. Nf3 Nxf3+ 18. gxf3 Rd7 19. Bg5 Bd6 20. Red1 c5 21. b3 Rf8 22. Rd3 Rdf7 23. Rad1 b6 24. Kg2 Kb7 25. h4 Kc6 26. Re1 Bf4 27. Bxf4 Rxf4 28. Rh1 Kb5 29. a3 c4 30. bxc4+ 1/2-1/2

[Event "RB-2012-0-00176"]
[Site "LSS email"]
[Date "2012.04.29"]
[Round "?"]
[White "Santos, Sebastiao"]
[Black "Korchut, Adam"]
[Result "1/2-1/2"]
[WhiteElo "1793"]
[BlackElo "1777"]
[PlyCount "55"]
[EventDate "2012.03.20"]
[EventType "tourn (corr)"]
[EventRounds "6"]
[EventCountry "GER"]
[SourceTitle "Telechess CBM 155"]
[Source "ChessBase"]
[SourceDate "2013.07.16"]
[SourceVersion "1"]
[SourceVersionDate "2013.07.16"]
[SourceQuality "1"]

1. e4 e5 2. Nf3 Nc6 3. Bb5 a6 4. Bxc6 dxc6 5. 0-0 Bg4 6. h3 h5 7. d3 Qf6 8. Nbd2 Ne7 9. Nc4 Bxf3 10. Qxf3 Qxf3 11. gxf3 Ng6 12. Be3 Be7 13. Kh1 Bf6 14. Rg1 0-0-0 15. Kh2 Rhg8 16. a4 b6 17. Bg5 Kb7 18. Rae1 c5 19. Ne3 Nf4 20. Bxf6 gxf6 21. Rg3 Rg5 22. b3 Ne6 23. h4 Rg6 24. Reg1 Nf4 25. Nf5 Re8 26. Ng7 Rg8 27. Nf5 Re8 28. Ng7 1/2-1/2

[Event "RB-2012-0-00176"]
[Site "LSS email"]
[Date "2012.04.28"]
[Round "?"]
[White "Santos, Sebastiao"]
[Black "Massie, James"]
[Result "0-1"]
[WhiteElo "1793"]
[BlackElo "1897"]
[PlyCount "146"]
[EventDate "2012.03.20"]
[EventType "tourn (corr)"]
[EventRounds "6"]
[EventCountry "GER"]
[SourceTitle "Telechess CBM 155"]
[Source "ChessBase"]
[SourceDate "2013.07.16"]
[SourceVersion "1"]
[SourceVersionDate "2013.07.16"]
[SourceQuality "1"]

1. c4 e6 2. Nc3 Nf6 3. Nf3 d5 4. d4 Be7 5. cxd5 exd5 6. g3 c6 7. Bg2 0-0 8. 0-0 Bf5 9. Nh4 Be6 10. Qc2 Re8 11. Nf5 Bf8 12. Bf4 Nh5 13. Be3 Nd7 14. Bf3 Nhf6 15. Rfc1 Nb6 16. Bf4 Nc4 17. b3 Na3 18. Qd3 Ne4 19. Bxe4 dxe4 20. Qxe4 Bxb3 21. Qd3 Bc4 22. Qd1 b5 23. e4 b4 24. Nb1 Rxe4 25. Nxa3 Be6 26. f3 Rxf4 27. gxf4 Bxf5 28. Nc4 Be6 29. Rc2 Qf6 30. Ne5 b3 31. Rxc6 Qxf4 32. axb3 Rd8 33. Rc2 Rxd4 34. Qe2 Bxb3 35. Rb2 a5 36. Re1 a4 37. Qe3 g6 38. Qxf4 Rxf4 39. Kf2 Be6 40. Re4 a3 41. Rb8 Rf5 42. Nc6 Rh5 43. Nd4 Bd7 44. h4 Ra5 45. Rd8 a2 46. Re1 Ra7 47. Ra1 Kg7 48. Kg3 Bd6+ 49. f4 Bb4 50. Rxa2 Be1+ 51. Kf3 Rxa2 52. Rxd7 Ra3+ 53. Ke4 Bf2 54. Nc2 Rc3 55. Rd2 Bxh4 56. Ne3 h5 57. Ra2 Rb3 58. Rg2 Bd8 59. Nf5+ Kf8 60. Nd4 Rb4 61. Kd3 Bb6 62. Ne2 Rb3+ 63. Kc2 Rf3 64. Rh2 Kg7 65. Rh1 Bc7 66. Rh4 Bd8 67. Rh1 h4 68. Rh2 Bf6 69. Rh1 Kh6 70. Kd2 Ra3 71. Rc1 Kh5 72. Ke1 Rf3 73. Rd1 h3 0-1

[Event "RB-2012-0-00175"]
[Site "LSS email"]
[Date "2012.04.16"]
[Round "?"]
[White "Santos, Sebastiao"]
[Black "Kobryn, Wieslaw"]
[Result "1/2-1/2"]
[WhiteElo "1793"]
[BlackElo "1917"]
[PlyCount "61"]
[EventDate "2012.03.09"]
[EventType "tourn (corr)"]
[EventRounds "6"]
[EventCountry "GER"]
[SourceTitle "Telechess CBM 155"]
[Source "ChessBase"]
[SourceDate "2013.07.16"]
[SourceVersion "1"]
[SourceVersionDate "2013.07.16"]
[SourceQuality "1"]

1. d4 d5 2. c4 c6 3. Nf3 Nf6 4. Nc3 e6 5. e3 Nbd7 6. Bd3 dxc4 7. Bxc4 b5 8. Bd3 Bb7 9. 0-0 a6 10. e4 c5 11. d5 Qc7 12. dxe6 fxe6 13. Bc2 c4 14. Qe2 Bd6 15. Nd4 Nc5 16. f4 e5 17. Nf5 0-0 18. Nxd6 Qxd6 19. fxe5 Qxe5 20. Rf5 Qc7 21. Bg5 Nfxe4 22. Rxf8+ Rxf8 23. Nxe4 Qe5 24. Nf6+ gxf6 25. Bxh7+ Kxh7 26. Qh5+ Kg8 27. Qg6+ Kh8 28. Qh6+ Kg8 29. Qg6+ Kh8 30. Qh5+ Kg8 31. Qg6+ 1/2-1/2

[Event "RB-2012-0-00174"]
[Site "LSS email"]
[Date "2012.04.06"]
[Round "?"]
[White "Zhdanenia, Konstantin A"]
[Black "Santos, Sebastiao"]
[Result "1/2-1/2"]
[WhiteElo "1902"]
[BlackElo "1869"]
[PlyCount "118"]
[EventDate "2012.03.05"]
[EventType "tourn (corr)"]
[EventRounds "6"]
[EventCountry "GER"]
[SourceTitle "Telechess CBM 153"]
[Source "ChessBase"]
[SourceDate "2013.03.14"]
[SourceVersion "1"]
[SourceVersionDate "2013.03.14"]
[SourceQuality "1"]

1. Nf3 Nf6 2. g3 d5 3. Bg2 e6 4. d4 Be7 5. c4 0-0 6. 0-0 dxc4 7. Qc2 a6 8. Rd1 b5 9. Ng5 c6 10. b3 cxb3 11. axb3 Bb7 12. Nd2 Nbd7 13. Nde4 h6 14. Nxf6+ Nxf6 15. Nf3 Qb6 16. Ne5 Rfc8 17. Ba3 c5 18. Bxb7 Qxb7 19. dxc5 Qe4 20. Nd3 Nd5 21. Rdc1 Bg5 22. Nb4 Nf6 23. e3 a5 24. Nd3 Nd5 25. Bb2 Nxe3 26. fxe3 Bxe3+ 27. Nf2 Qf3 28. Rf1 Rxc5 29. Qd1 Qxd1 30. Raxd1 Rc2 31. Rd3 Bb6 32. Bd4 Bxd4 33. Rxd4 a4 34. bxa4 bxa4 35. Ra1 a3 36. Ne4 f5 37. Rd2 Rac8 38. Rxc2 Rxc2 39. Nf2 Rc3 40. Nd1 Rf3 41. Kg2 Rb3 42. Kf2 Kf7 43. Ke2 h5 44. Kd2 h4 45. gxh4 Rh3 46. Nf2 Rxh2 47. Ke3 Rxh4 48. Rxa3 Rc4 49. Ra8 g5 50. Nd3 Kf6 51. Rb8 g4 52. Rg8 Re4+ 53. Kf2 Ra4 54. Re8 Ra2+ 55. Ke3 Ra3 56. Ke2 Ra5 57. Rb8 Ra6 58. Re8 Kf7 59. Rd8 Ra2+ 1/2-1/2

[Event "RB-2012-0-00170"]
[Site "LSS email"]
[Date "2012.03.06"]
[Round "?"]
[White "Santos, Sebastiao"]
[Black "Ermolaev, Maksim Andreevich"]
[Result "0-1"]
[WhiteElo "1793"]
[BlackElo "1999"]
[PlyCount "106"]
[EventDate "2012.02.05"]
[EventType "tourn (corr)"]
[EventRounds "6"]
[EventCountry "GER"]
[SourceTitle "Telechess CBM 153"]
[Source "ChessBase"]
[SourceDate "2013.03.14"]
[SourceVersion "1"]
[SourceVersionDate "2013.03.14"]
[SourceQuality "1"]

1. e4 c5 2. Nf3 d6 3. d4 cxd4 4. Nxd4 Nf6 5. Nc3 a6 6. Be3 e6 7. f3 b5 8. g4 b4 9. Nce2 h6 10. Bg2 Nbd7 11. h4 Nb6 12. b3 Qc7 13. g5 hxg5 14. hxg5 Rxh1+ 15. Bxh1 Nfd7 16. Qd2 g6 17. Ng3 e5 18. Nde2 a5 19. f4 a4 20. Rc1 axb3 21. axb3 Ra2 22. Bg2 Nc5 23. Kf1 Qb7 24. Rb1 Qc6 25. Kg1 Na6 26. Rc1 Be7 27. f5 Bb7 28. f6 Bd8 29. Bf3 Nd7 30. Kg2 Nf8 31. Rh1 Bc7 32. Rc1 Ba5 33. Rh1 Bc7 34. Rc1 Bb6 35. Bxb6 Qxb6 36. Rd1 Nc5 37. Nc1 Rb2 38. Rh1 Qc6 39. Nce2 Nce6 40. Rc1 Qc5 41. Bg4 Ra2 42. Kf1 Nd4 43. Nxd4 exd4 44. Ke1 Ba6 45. Qf4 Nd7 46. Be2 Ne5 47. Bxa6 Rxa6 48. Kf1 Ra2 49. Nh1 Qb5+ 50. Kg2 Nd3 51. Qxd6 Qxg5+ 52. Kh2 Qf4+ 53. Qxf4 Nxf4 0-1

[Event "RB-2012-0-00170"]
[Site "LSS email"]
[Date "2012.03.06"]
[Round "?"]
[White "Santos, Sebastiao"]
[Black "Korchut, Adam"]
[Result "1/2-1/2"]
[WhiteElo "1793"]
[BlackElo "1789"]
[PlyCount "125"]
[EventDate "2012.02.05"]
[EventType "tourn (corr)"]
[EventRounds "6"]
[EventCountry "GER"]
[SourceTitle "Telechess CBM 153"]
[Source "ChessBase"]
[SourceDate "2013.03.14"]
[SourceVersion "1"]
[SourceVersionDate "2013.03.14"]
[SourceQuality "1"]

1. e4 e5 2. Nf3 Nf6 3. Nxe5 d6 4. Nf3 Nxe4 5. d4 d5 6. Bd3 Be7 7. 0-0 Nc6 8. c4 Bg4 9. Nc3 Nf6 10. cxd5 Nxd5 11. Be4 Be6 12. Re1 0-0 13. a3 Bf6 14. Qd3 h6 15. Bd2 Nce7 16. Rad1 c6 17. h3 Nb6 18. Qc2 Nc4 19. Bf4 Nd5 20. Ne2 Nd6 21. Bd3 Re8 22. Be5 Be7 23. Nc3 Rc8 24. Re2 Qd7 25. Rde1 Bf5 26. Bxd6 Bxd3 27. Ne5 Qxd6 28. Nxd3 Rc7 29. Ne4 Qg6 30. Ne5 Qf5 31. Qa4 a6 32. Ng3 Qc8 33. Qb3 Rd8 34. Qf3 Bg5 35. Nd3 Re7 36. Ne4 Qc7 37. g3 Nf6 38. Ndc5 Nxe4 39. Nxe4 Re6 40. Nxg5 Rxe2 41. Qxe2 hxg5 42. Qe7 Qc8 43. Qxg5 Rxd4 44. Qh5 Qd7 45. Kg2 b6 46. Qe5 Kh7 47. b4 Qd5+ 48. Qxd5 cxd5 49. Kf3 Rd2 50. Re2 Rd1 51. Kf4 a5 52. bxa5 bxa5 53. Re3 Rd4+ 54. Ke5 Rd2 55. Rf3 Kg6 56. Kd6 d4 57. Kd5 f6 58. Ke4 Kf7 59. h4 Ke6 60. g4 d3 61. h5 Ra2 62. Rxd3 Rxf2 63. Rb3 1/2-1/2

[Event "RB-2012-0-00168"]
[Site "LSS email"]
[Date "2012.02.16"]
[Round "?"]
[White "Santos, Sebastiao"]
[Black "Van Hooff, Ruud"]
[Result "1/2-1/2"]
[WhiteElo "1793"]
[BlackElo "1984"]
[PlyCount "65"]
[EventDate "2012.01.23"]
[EventType "tourn (corr)"]
[EventRounds "6"]
[EventCountry "GER"]
[SourceTitle "Telechess CBM 155"]
[Source "ChessBase"]
[SourceDate "2013.07.16"]
[SourceVersion "1"]
[SourceVersionDate "2013.07.16"]
[SourceQuality "1"]

1. e4 c6 2. d4 d5 3. e5 Bf5 4. Nf3 e6 5. Be2 c5 6. Be3 cxd4 7. Nxd4 Ne7 8. c4 Nbc6 9. Qa4 a6 10. Na3 Qa5+ 11. Qxa5 Nxa5 12. 0-0 dxc4 13. Nxc4 Nxc4 14. Bxc4 Be4 15. Rac1 Bd5 16. Be2 Rc8 17. Rxc8+ Nxc8 18. Rc1 Kd7 19. f4 Ne7 20. Rd1 Kc7 21. a4 Be4 22. Rc1+ Kd7 23. Bf2 Nd5 24. g3 Be7 25. Nb3 Rc8 26. Nc5+ Bxc5 27. Rxc5 Rc6 28. Bd4 Nb4 29. Rc3 Nd5 30. Rxc6 Kxc6 31. a5 Nb4 32. Kf2 Kd5 33. Bc3 1/2-1/2

[Event "RB-2011-0-00163"]
[Site "LSS email"]
[Date "2012.01.18"]
[Round "?"]
[White "Santos, Sebastiao"]
[Black "Kroes, Friso"]
[Result "1/2-1/2"]
[WhiteElo "1869"]
[BlackElo "1894"]
[PlyCount "52"]
[EventDate "2011.12.28"]
[EventType "tourn (corr)"]
[EventRounds "6"]
[EventCountry "GER"]
[SourceTitle "Telechess CBM 153"]
[Source "ChessBase"]
[SourceDate "2013.03.14"]
[SourceVersion "1"]
[SourceVersionDate "2013.03.14"]
[SourceQuality "1"]

1. d4 d5 2. c4 c6 3. Nf3 Nf6 4. e3 e6 5. Nc3 Nbd7 6. Bd3 dxc4 7. Bxc4 b5 8. Bd3 a6 9. e4 c5 10. d5 Bb7 11. 0-0 Qc7 12. dxe6 fxe6 13. Bc2 c4 14. Qe2 Bd6 15. Nd4 Nc5 16. f4 e5 17. Nf5 0-0 18. Nxd6 Qxd6 19. fxe5 Qxe5 20. Rf5 Qc7 21. Bg5 Nfxe4 22. Rxf8+ Rxf8 23. Nxe4 Qe5 24. Nf6+ gxf6 25. Bxh7+ Kxh7 26. Qh5+ Kg8 1/2-1/2